| 000 | 01193nam a22002177a 4500 | ||
|---|---|---|---|
| 999 |
_c61258 _d61258 |
||
| 003 | Ge_BSU | ||
| 005 | 20240115125625.0 | ||
| 008 | 240115s2022 ge ||||| |||| 00| 0 geo d | ||
| 020 | _a9789941851964 | ||
| 041 | _ageo | ||
| 080 | _a34+339.543 ხ-25 | ||
| 100 |
_aხარაზი, ია _921042 |
||
| 245 |
_aსაბაჟო სამართალი : _bდამხმარე სახელმძღვანელო. ნაწილი 2 / _cია ხარაზი, ქეთინო ხარაზი ; სამეცნიერო რედაქტორი გიორგი გოგიაშვილი. |
||
| 264 |
_aთბილისი : _bგეორგიკა, _c2022. |
||
| 300 |
_a1074 გვ. ; _b21 სმ. |
||
| 504 | _aბიბლიოგრაფია ტექსტის შენიშვნებში და გვ. 1070-1072. | ||
| 653 | _aსაბაჟო სამართალი | ||
| 700 |
_aხარაზი, ქეთინო _eავტორი _921043 |
||
| 700 |
_aგოგიაშვილი, გიორგი _eსამეცნიერო რედაქტორი _97880 |
||
| 942 |
_2udc _cᲬᲘᲒᲜᲘ |
||